| 000 | 00902nas a2200289 4500 | ||
|---|---|---|---|
| 001 | BR2015000950 | ||
| 003 | BR-BrBNA | ||
| 005 | 20231205125031.0 | ||
| 007 | ta | ||
| 008 | 230509b bl.|||p| |||| 00| 00por d | ||
| 040 |
_aBR-BrBNA _bpor _cBiblioteca Nacional de Agricultura |
||
| 041 | _a(En) | ||
| 072 | _aF30 | ||
| 100 | 1 | _aKuhar, K. | |
| 100 | 1 | _aGupta, V.K. | |
| 100 | 1 | _aKansal, R. | |
| 100 | 1 | _aGupta, V.K. | |
| 245 | 1 | _aIsolation and in silico characterization of cDNA encoding cyclophilin from etiolated Vigna mungo seedlings | |
| 650 | _aFEIJAO MUNGO | ||
| 650 | _aVIGNA MUNGO | ||
| 650 | _aGENETICA VEGETAL | ||
| 650 | _aGENE | ||
| 773 | 0 |
_tBrazilian Journal of Plant Physiology (Brazil) _xISSN 1677-0420 _g(2012), v. 24(1) p. 69-73 _wBR2015000950 |
|
| 856 | 4 | 0 | _uhttp://www.scielo.br/pdf/bjpp/v24n1/09.pdf |
| 909 |
_a202311 _bLúcia _c55 _dLúcia Elande |
||
| 942 |
_2AGRIS _n0 _cANA |
||
| 999 |
_c242242 _d242242 |
||